Statistics for Taylor Swift mystery lyrics #62

Click here to take the quiz!

General Stats

  • This quiz has been taken 21 times
  • The average score is 237 of 349

Answer Stats

Answer% Correct
a
100%
I
100%
the
100%
an
95%
And
95%
and
95%
You
95%
you
95%
be
90%
in
90%
know
90%
on
90%
to
90%
we
90%
when
90%
love
86%
me
86%
your
86%
all
81%
I'm
81%
who
81%
with
81%
you're
81%
don't
76%
Don't
76%
For
76%
for
76%
how
76%
is
76%
my
76%
not
76%
of
76%
so
76%
were
76%
day
71%
hear
71%
it's
71%
It's
71%
Now
71%
now
71%
that
71%
There
71%
why
71%
at
67%
but
67%
if
67%
take
67%
best
62%
car
62%
could
62%
had
62%
have
62%
I've
62%
say
62%
side
62%
was
62%
days
57%
got
57%
His
57%
home
57%
knew
57%
out
57%
talk
57%
up
57%
way
57%
back
52%
come
52%
eyes
52%
fall
52%
from
52%
gonna
52%
long
52%
old
52%
or
52%
ride
52%
their
52%
this
52%
today
52%
am
48%
change
48%
drive
48%
friends
48%
he's
48%
house
48%
look
48%
making
48%
mean
48%
school
48%
trees
48%
whole
48%
wide
48%
world
48%
away
43%
better
43%
big
43%
cold
43%
cryin'
43%
father
43%
feel
43%
five
43%
found
43%
gettin'
43%
givin'
43%
okay
43%
pretty
43%
stronger
43%
talkin'
43%
thirteen
43%
three
43%
'til
43%
years
43%
anything
38%
coat
38%
didn't
38%
even
38%
excellent
38%
far
38%
forgotten
38%
grab
38%
grew
38%
laugh
38%
little
38%
names
38%
prettiest
38%
scared
38%
shop
38%
strength
38%
taking
38%
than
38%
until
38%
video
38%
wrong
38%
asleep
33%
brother
33%
chance
33%
God
33%
hold
33%
inside
33%
kitchen
33%
lady
33%
near
33%
paint
33%
patch
33%
princesses
33%
pumpkin
33%
run
33%
set
33%
seven
33%
shine
33%
smart
33%
smiles
33%
Snow
33%
space
33%
staying
33%
town
33%
watchin'
33%
window
33%
age
29%
Daddy's
29%
enough
29%
hug
29%
keys
29%
pirate
29%
ships
29%
sky
29%
smilin'
29%
White's
29%
dwarves
24%
gold
24%
laughin'
24%
legs
24%
Past
24%
tight
24%
rides
19%
tractor
19%

Score Distribution

Percentile by Number Answered

Percent of People with Each Score

Your Score History

You have not taken this quiz